Communication Systems: An Introduction to Signals and Noise in Electrical Communication (Record no. 617142)

000 -LEADER
fixed length control field 00541nam a22001817a 4500
003 - CONTROL NUMBER IDENTIFIER
control field NUST
005 - DATE AND TIME OF LATEST TRANSACTION
control field 20260416163349.0
008 - FIXED-LENGTH DATA ELEMENTS--GENERAL INFORMATION
fixed length control field 260416b ||||| |||| 00| 0 eng d
020 ## - INTERNATIONAL STANDARD BOOK NUMBER
International Standard Book Number 0-07-100560-9
082 ## - DEWEY DECIMAL CLASSIFICATION NUMBER
Classification number 621.38043
Author Mark BRU
100 ## - MAIN ENTRY--PERSONAL NAME
Personal name A. Bruce Carlson.
9 (RLIN) 126014
245 ## - TITLE STATEMENT
Title Communication Systems: An Introduction to Signals and Noise in Electrical Communication
Statement of responsibility, etc. A. Bruce Carlson.
250 ## - EDITION STATEMENT
Edition statement 3rd Edition
260 ## - PUBLICATION, DISTRIBUTION, ETC.
Place of publication, distribution, etc. Singapore:
Name of publisher, distributor, etc. McGraw Hill,
Date of publication, distribution, etc. 1986.
300 ## - PHYSICAL DESCRIPTION
Extent 686 p ;
Dimensions 26.2 cm
563 ## - BINDING INFORMATION
Binding note Paperback
942 ## - ADDED ENTRY ELEMENTS (KOHA)
Source of classification or shelving scheme
Koha item type Book
Holdings
Withdrawn status Lost status Source of classification or shelving scheme Damaged status Not for loan Permanent Location Current Location Date acquired Total Checkouts Full call number Barcode Date last seen Price effective from Koha item type
          Institute of Geographical Information Systems (IGIS) Institute of Geographical Information Systems (IGIS) 04/16/2026   621.38043 BRU IGIS-696 04/16/2026 04/16/2026 Book
© 2023 Central Library, National University of Sciences and Technology. All Rights Reserved.